[Event "4NCL Online Division 5"]
[Site "online"]
[Date "2022.02.22"]
[EventDate "2022.02.22"]
[Round "3.21"]
[White "Smith, Mark"]
[WhiteElo "1876"]
[WhiteTeam "Worcester Wolfpack"]
[Black "O'Connor, David"]
[BlackElo "1602"]
[BlackTeam "Cork B"]
[Result "0-1"]
[PlyCount "74"]

1. e4 c5 2. Nc3 d6 3. f4 e6 4. Nf3 Nc6 5. Bc4 a6 6. a4 h6 7. O-O Nf6 8. Qe1 Qc7 9. d3 Nb4 10. Bb3 Be7 11. Qg3 g6 12. Bd2 Bd7 13. Kh1 O-O-O 14. Na2 Nc6 15. c3 g5 16. Qe1 g4 17. Ng1 h5 18. f5 h4 19. Bg5 Nh5 20. f6 Ng3+ 21. hxg3 hxg3+ 22. Nh3 Rdg8 23. fxe7 Rxg5 24. Qxg3 d5 25. Qxc7+ Kxc7 26. Rxf7 gxh3 27. g4 Re8 28. exd5 Ne5 29. dxe6 Bc6+ 30. Kh2 Rxg4 31. Rh7 Nf3+ 32. Kxh3 Rgg8 33. Rf7 Rg6 34. Rf8 Rxe7 35. Rf7 Rxf7 36. exf7 Bd7+ 37. Be6 Bxe6# 0-1

[Event "4NCL Online Division 5"]
[Site "online"]
[Date "2022.02.22"]
[EventDate "2022.02.22"]
[Round "3.22"]
[White "Shindgi, Sumanth"]
[WhiteElo "1363"]
[WhiteTeam "Cork B"]
[Black "Vernon, Colin G"]
[BlackElo "1707"]
[BlackTeam "Worcester Wolfpack"]
[Result "0-1"]
[PlyCount "124"]

1. d4 d5 2. c4 c6 3. Nc3 Nf6 4. Bg5 e6 5. cxd5 exd5 6. g3 h6 7. Bf4 Bd6 8. Bxd6 Qxd6 9. Bg2 O-O 10. Nf3 Bf5 11. Qb3 Qd7 12. Ne5 Qc8 13. O-O Re8 14. Rac1 Nbd7 15. Nxd5 Nxd5 16. Bxd5 Nxe5 17. dxe5 Qd7 18. Bg2 Rxe5 19. Rfd1 Qe7 20. Rd2 Re8 21. e3 Rb5 22. Qd1 Qe6 23. b3 Qe7 24. Re2 Rd8 25. Rd2 Rxd2 26. Qxd2 Be4 27. f3 Rd5 28. Qf2 Bg6 29. e4 Qa3 30. Re1 Rd8 31. f4 f6 32. f5 Bf7 33. h3 Qb4 34. e5 Rd2 35. Re2 Rxe2 36. Qxe2 Qd4+ 37. Kh2 Qxe5 38. Qf2 a6 39. h4 Bd5 40. Bxd5+ cxd5 41. Kg1 d4 42. g4 b5 43. Kf1 d3 44. Kg2 Qc3 45. Qe3 Qc2+ 46. Kf3 Qc6+ 47. Kf2 Qd7 48. Ke1 h5 49. gxh5 Qxf5 50. Qe8+ Kh7 51. Qg6+ Qxg6 52. hxg6+ Kxg6 53. Kd2 Kh5 54. Kxd3 Kxh4 55. Ke4 Kg4 56. Ke3 g5 57. Ke4 Kg3 58. Ke3 g4 59. Ke4 Kh2 60. Kf4 g3 61. Kf3 g2 62. Kf2 g1=Q+ 0-1

[Event "4NCL Online Division 5"]
[Site "online"]
[Date "2022.02.22"]
[EventDate "2022.02.22"]
[Round "3.23"]
[White "Hayles, Robin"]
[WhiteElo "1688"]
[WhiteTeam "Worcester Wolfpack"]
[Black "Ranade, Akshay"]
[BlackElo "1242"]
[BlackTeam "Cork B"]
[Result "1-0"]
[PlyCount "41"]

1. e4 e5 2. Nf3 Nc6 3. d4 exd4 4. Bc4 Nf6 5. e5 d5 6. Bb5 Ne4 7. Nxd4 Bd7 8. Bxc6 bxc6 9. O-O Be7 10. f3 Ng5 11. f4 Ne4 12. Nd2 f5 13. e6 Bc8 14. Nxf5 Bc5+ 15. Kh1 Nf2+ 16. Rxf2 Bxf2 17. Qe2 Bc5 18. Nxg7+ Kf8 19. Qg4 Rg8 20. Qf5+ Ke7 21. Qf7+ 1-0

[Event "4NCL Online Division 5"]
[Site "online"]
[Date "2022.02.22"]
[EventDate "2022.02.22"]
[Round "3.24"]
[White "O'Callaghan, Cian"]
[WhiteElo "1203"]
[WhiteTeam "Cork B"]
[Black "Shaw, Tony"]
[BlackElo "1663"]
[BlackTeam "Worcester Wolfpack"]
[Result "0-1"]
[PlyCount "143"]

1. e4 c6 2. d4 d5 3. f3 dxe4 4. fxe4 e5 5. Nf3 exd4 6. Qxd4 Qxd4 7. Nxd4 Be6 8. Nxe6 fxe6 9. Bc4 e5 10. Bxg8 Rxg8 11. O-O Nd7 12. Be3 O-O-O 13. Nd2 Kb8 14. Nc4 Re8 15. Rad1 Nf6 16. Nd6 Bxd6 17. Rxd6 Nxe4 18. Rd7 Nf6 19. Rd3 Nd5 20. Bd2 Rgf8 21. Rdf3 Rxf3 22. Rxf3 Nf6 23. Kf2 e4 24. Rh3 h6 25. Ke3 Kc8 26. Bc3 Nd5+ 27. Kd4 e3 28. Be1 e2 29. a3 Nf4 30. Rg3 g6 31. Kc3 c5 32. b3 b6 33. a4 Kd7 34. h3 Kc6 35. Kd2 Re6 36. c4 a6 37. h4 b5 38. axb5+ axb5 39. Rg4 Rf6 40. Ke3 Ne6 41. cxb5+ Kxb5 42. b4 c4 43. Kxe2 Nf4+ 44. Kd1 Nd3 45. Re4 Nf2+ 46. Bxf2 Rxf2 47. Rg4 Kxb4 48. Rxg6 h5 49. g4 hxg4 50. Rxg4 Kb3 51. h5 Rh2 52. Rg5 c3 53. Rc5 c2+ 54. Kc1 Rh1+ 55. Kd2 Rd1+ 56. Ke2 c1=Q 57. Rxc1 Rxc1 58. Kf3 Rc4 59. Kg3 Kc3 60. h6 Rc6 61. h7 Rh6 62. Kg4 Rxh7 63. Kg5 Ra7 64. Kf5 Re7 65. Kf4 Kd4 66. Kf5 Kd5 67. Kf6 Re5 68. Kf7 Re6 69. Kg7 Ke5 70. Kf7 Kf5 71. Kg7 Rf6 72. Kh7 0-1

[Event "4NCL Online Division 5"]
[Site "online"]
[Date "2022.02.22"]
[EventDate "2022.02.22"]
[Round "3.31"]
[White "Newman, Martin E"]
[WhiteElo "1613"]
[WhiteTeam "Bromley"]
[Black "Parikh, Naavya"]
[BlackElo "1408"]
[BlackTeam "Harrow Juniors 2"]
[Result "1-0"]
[PlyCount "87"]

1. e4 e5 2. f4 d5 3. exd5 Qxd5 4. Qf3 Qxf3 5. Nxf3 exf4 6. d4 Bd6 7. c4 Bb4+ 8. Nc3 Be6 9. Bd3 Nd7 10. Bxf4 Nb6 11. d5 Bd7 12. Bxc7 Na4 13. Be5 f6 14. Bd4 Nxb2 15. Be2 Na4 16. Rc1 Ne7 17. O-O Nf5 18. Nxa4 Nxd4 19. Nxd4 Bxa4 20. Ne6 Kf7 21. Rb1 Be7 22. Rxb7 Rhb8 23. Rfb1 Rxb7 24. Rxb7 Bc2 25. Nd4 Be4 26. Nc6 Re8 27. Rxa7 Kf8 28. Nxe7 Rxe7 29. Rxe7 Kxe7 30. a4 Bf5 31. a5 Bc8 32. c5 Bb7 33. Bf3 Kd8 34. Kf2 g6 35. Ke3 h6 36. Kd4 Ke7 37. d6+ Kd7 38. Bxb7 f5 39. a6 f4 40. a7 Ke6 41. a8=Q Kf5 42. Be4+ Kg5 43. Qd8+ Kh5 44. Bf3# 1-0

[Event "4NCL Online Division 5"]
[Site "online"]
[Date "2022.02.22"]
[EventDate "2022.02.22"]
[Round "3.32"]
[White "Sivanandan, Bodhana"]
[WhiteElo "1335"]
[WhiteTeam "Harrow Juniors 2"]
[Black "Glanvile, Nicholas"]
[BlackElo "1525"]
[BlackTeam "Bromley"]
[Result "1/2-1/2"]
[PlyCount "127"]

1. e4 c6 2. Nc3 d5 3. Nf3 Bg4 4. h3 Bxf3 5. Qxf3 dxe4 6. Nxe4 e6 7. Be2 Nd7 8. d4 Ngf6 9. Nxf6+ Nxf6 10. Be3 Be7 11. O-O O-O 12. Rad1 Nd5 13. a3 a5 14. c4 Nxe3 15. fxe3 Bf6 16. Qe4 g6 17. Qd3 Bg7 18. Kh1 Qc7 19. Qc2 Rad8 20. b4 axb4 21. axb4 Ra8 22. Ra1 Bh6 23. e4 Rfd8 24. Rxa8 Rxa8 25. e5 Qb6 26. Qc3 Ra2 27. Qf3 Qc7 28. c5 Rd2 29. Bd3 Rb2 30. Rb1 Rxb1+ 31. Bxb1 Qd8 32. Qc3 Qa8 33. Bd3 Qd8 34. Bc4 Qh4 35. Kg1 Qe4 36. Kf2 Qh4+ 37. Kg1 Qf4 38. Qd3 Qe3+ 39. Kf1 Qxd3+ 40. Bxd3 Be3 41. b5 Bxd4 42. bxc6 bxc6 43. Be4 Bxc5 44. Bxc6 Bd4 45. Ke2 Bxe5 46. Kf3 Kg7 47. Ke4 Kf6 48. g4 g5 49. Bb5 Bf4 50. Bd3 h6 51. Kf3 Ke5 52. Bb1 Kd4 53. Bh7 e5 54. Be4 Kc3 55. Ke2 f6 56. Bf5 Kd4 57. Kf3 Kc3 58. Ke2 Kd4 59. Kf3 Bc1 60. Be4 Kc3 61. Ke2 Kd4 62. Kf3 Kc3 63. Ke2 Kd4 64. Kf3 1/2-1/2

[Event "4NCL Online Division 5"]
[Site "online"]
[Date "2022.02.22"]
[EventDate "2022.02.22"]
[Round "3.33"]
[White "Meric, Mikey"]
[WhiteElo "1489"]
[WhiteTeam "Bromley"]
[Black "Laza, Andrei"]
[BlackElo "1293"]
[BlackTeam "Harrow Juniors 2"]
[Result "1-0"]
[PlyCount "61"]

1. h4 h5 2. d4 b6 3. e4 Bb7 4. Nc3 e6 5. Bg5 f6 6. Bd2 Bb4 7. Bd3 Ne7 8. Nf3 d6 9. O-O Bxc3 10. Bxc3 e5 11. Bb5+ Nd7 12. Re1 a6 13. Bf1 Ng6 14. g3 Bc8 15. dxe5 Ndxe5 16. Nd4 Bd7 17. Nf5 Bxf5 18. exf5 Ne7 19. f4 Ng4 20. Bc4 c6 21. Be6 d5 22. Qd3 Qd6 23. a3 a5 24. b4 a4 25. Bd4 c5 26. bxc5 bxc5 27. Qb5+ Kf8 28. Bxc5 Qc7 29. Bxd5 Ra5 30. Bxe7+ Qxe7 31. Qb8+ 1-0

[Event "4NCL Online Division 5"]
[Site "online"]
[Date "2022.02.22"]
[EventDate "2022.02.22"]
[Round "3.34"]
[White "Laddhad, Laksh"]
[WhiteElo "1300"]
[WhiteTeam "Harrow Juniors 2"]
[Black "Harrison, Tommy"]
[BlackElo "1450"]
[BlackTeam "Bromley"]
[Result "1-0"]
[PlyCount "107"]

1. e4 d5 2. exd5 Qxd5 3. Nf3 Nf6 4. h3 e6 5. Be2 Bd6 6. O-O O-O 7. d4 b6 8. c3 Nbd7 9. b3 c5 10. c4 Qc6 11. Bb2 Bb7 12. Na3 a6 13. Nc2 Rfe8 14. Ne3 Nh5 15. Ne1 Nf4 16. Bf3 Qc7 17. Bxb7 Qxb7 18. Qg4 Nf6 19. Qg5 h6 20. Qh4 Ne4 21. Rd1 Ng6 22. Qg4 Nf6 23. Qf3 Qe7 24. Nd3 e5 25. Nf5 Qd7 26. Nxd6 exd4 27. Nxe8 Rxe8 28. Bc1 Nh4 29. Qf4 Re4 30. Qb8+ Kh7 31. Bf4 Nh5 32. Bg3 Nf5 33. Bh2 Re6 34. g4 Rg6 35. Ne5 Qe6 36. Nxg6 Qxg6 37. Kh1 Qc6+ 38. f3 Nfg3+ 39. Bxg3 Nxg3+ 40. Qxg3 Qg6 41. h4 Qc2 42. Qg2 Qg6 43. h5 Qg5 44. f4 Qh4+ 45. Kg1 Qe7 46. Rde1 Qf6 47. Qe4+ Kg8 48. Qa8+ Kh7 49. Qe4+ Kg8 50. Qe8+ Kh7 51. Qe5 Qh4 52. Qf5+ g6 53. Qxf7+ Kh8 54. Re8# 1-0

[Event "4NCL Online Division 5"]
[Site "online"]
[Date "2022.02.22"]
[EventDate "2022.02.22"]
[Round "3.41"]
[White "Dunford, Anthony D"]
[WhiteElo "1786"]
[WhiteTeam "The Hemel's Gambit"]
[Black "Suleiman, Yahaya"]
[BlackElo "1500"]
[BlackTeam "Charlton Cobras C"]
[Result "0-1"]
[PlyCount "128"]

1. e4 c5 2. Nc3 Nc6 3. f4 e6 4. Nf3 d5 5. exd5 exd5 6. d4 Nf6 7. Bb5 Bd6 8. O-O O-O 9. Bxc6 bxc6 10. Ne5 Qc7 11. Be3 cxd4 12. Bxd4 Ba6 13. Nd3 Ne4 14. g3 c5 15. Bxg7 Kxg7 16. Nxd5 Qc8 17. Re1 Nf6 18. Nxf6 Kxf6 19. Qh5 Kg7 20. Qg5+ Kh8 21. Qf6+ Kg8 22. Qxd6 c4 23. Nc5 Bb5 24. Ne4 Rd8 25. Qh6 Qf5 26. Qg5+ Qxg5 27. Nxg5 Rd2 28. Rac1 Bc6 29. Ne4 Rd4 30. Nf2 Rd2 31. Red1 Rad8 32. Kf1 Bf3 33. Rxd2 Rxd2 34. b3 c3 35. a4 a5 36. h3 Kg7 37. g4 Kg8 38. f5 Kg7 39. h4 Kh6 40. Nd3 Bxg4 41. Ne5 Bd1 42. Nxf7+ Kg7 43. Ne5 Bxc2 44. Nc4 Rd1+ 45. Rxd1 Bxd1 46. Ke1 Bxb3 47. Nxa5 Bxa4 48. Ke2 Kf6 49. Kd3 c2 50. Kd2 Kxf5 51. Nc4 Kg4 52. Nb2 Bb3 53. Nd3 Kxh4 54. Nc5 c1=Q+ 55. Kxc1 Bd5 56. Kd2 Kg3 57. Nd3 h5 58. Ke2 Bf3+ 59. Kf1 h4 60. Ne1 Bc6 61. Nc2 h3 62. Nd4 Bg2+ 63. Ke2 h2 64. Nf5+ Kf4 0-1

[Event "4NCL Online Division 5"]
[Site "online"]
[Date "2022.02.22"]
[EventDate "2022.02.22"]
[Round "3.42"]
[White "Hoang, Toan"]
[WhiteElo "1500"]
[WhiteTeam "Charlton Cobras C"]
[Black "Dunks, Peter"]
[BlackElo "1659"]
[BlackTeam "The Hemel's Gambit"]
[Result "0-1"]
[PlyCount "64"]

1. c4 Nf6 2. Nc3 e6 3. e4 d5 4. e5 d4 5. exf6 dxc3 6. bxc3 Qxf6 7. Nf3 c5 8. Bd3 Nc6 9. O-O Bd6 10. Bc2 O-O 11. d4 h6 12. Rb1 cxd4 13. cxd4 b6 14. Bb2 Ba6 15. d5 Ne5 16. Nxe5 Bxe5 17. Bxe5 Qxe5 18. Re1 Qf6 19. Qd3 g6 20. dxe6 fxe6 21. Bb3 Qxf2+ 22. Kh1 Qf5 23. Qe2 Rae8 24. Rf1 Qc5 25. Qd3 Qg5 26. Qd7 Rxf1+ 27. Rxf1 Re7 28. Qd8+ Kh7 29. h3 Bb7 30. Rg1 Rf7 31. Qd1 Qf5 32. Bc2 Qxh3# 0-1

[Event "4NCL Online Division 5"]
[Site "online"]
[Date "2022.02.22"]
[EventDate "2022.02.22"]
[Round "3.43"]
[White "Huhn, Robert M"]
[WhiteElo "1408"]
[WhiteTeam "The Hemel's Gambit"]
[Black "Henneaux, Martin"]
[BlackElo "1350"]
[BlackTeam "Charlton Cobras C"]
[Result "1-0"]
[PlyCount "49"]

1. c4 c5 2. Nf3 Nc6 3. Nc3 g6 4. e3 Bg7 5. d4 cxd4 6. exd4 e6 7. Bf4 d6 8. Nb5 Qa5+ 9. Bd2 Qd8 10. d5 Ne5 11. Bb4 Nxf3+ 12. Qxf3 Be5 13. dxe6 fxe6 14. Rd1 Nf6 15. Bxd6 Bxd6 16. Nxd6+ Kf8 17. Nxb7 Qe7 18. Nd6 Rb8 19. b3 Kg7 20. Be2 Rd8 21. c5 Qxd6 22. Rxd6 Rxd6 23. cxd6 Bd7 24. O-O Rc8 25. Bc4 1-0

[Event "4NCL Online Division 5"]
[Site "online"]
[Date "2022.02.22"]
[EventDate "2022.02.22"]
[Round "3.44"]
[White "Sobrinho, Miguel"]
[WhiteElo "983"]
[WhiteTeam "Charlton Cobras C"]
[Black "Shergill, Ranjit"]
[BlackElo "1048"]
[BlackTeam "The Hemel's Gambit"]
[Result "1-0"]
[PlyCount "29"]

1. e4 e5 2. Nf3 Nc6 3. Bb5 Nf6 4. O-O g5 5. Nxg5 h6 6. Nf3 Nxe4 7. Re1 f5 8. d3 Nd6 9. Nxe5 Nxb5 10. Qh5+ Ke7 11. Nxc6+ Kf6 12. Nxd8 Rh7 13. b3 Be7 14. Bb2+ Nd4 15. Bxd4# 1-0

[Event "4NCL Online Division 5"]
[Site "online"]
[Date "2022.02.22"]
[EventDate "2022.02.22"]
[Round "3.51"]
[White "Tarigopula, Varish"]
[WhiteElo "1398"]
[WhiteTeam "Uxbridge Eagle Fangs"]
[Black "Shrestha, Unnabh"]
[BlackElo "1439"]
[BlackTeam "East Kilbride Rovers"]
[Result "1-0"]
[PlyCount "45"]

1. e4 c6 2. d4 d5 3. Nc3 dxe4 4. Nxe4 Bf5 5. Ng3 Bg6 6. h4 h6 7. h5 Bh7 8. Nf3 Nd7 9. Bd3 Bxd3 10. Qxd3 Ngf6 11. Bf4 e6 12. O-O-O Be7 13. Rde1 O-O 14. Ne4 Qa5 15. Kb1 Nxh5 16. Bd2 Qf5 17. g4 Qxg4 18. Reg1 Qf5 19. Bxh6 Ndf6 20. Nxf6+ Qxf6 21. Rxh5 Rfd8 22. Bxg7 Qf4 23. Rh8# 1-0

[Event "4NCL Online Division 5"]
[Site "online"]
[Date "2022.02.22"]
[EventDate "2022.02.22"]
[Round "3.53"]
[White "Sharma, Aryan"]
[WhiteElo "1140"]
[WhiteTeam "Uxbridge Eagle Fangs"]
[Black "Roul, Karan"]
[BlackElo "455"]
[BlackTeam "East Kilbride Rovers"]
[Result "0-1"]
[PlyCount "112"]

1. e4 d5 2. exd5 Nf6 3. Nc3 Nxd5 4. Nf3 Bf5 5. Nd4 Bg6 6. Bc4 Nb4 7. a3 Nxc2+ 8. Nxc2 Bxc2 9. Qxc2 e6 10. O-O Nc6 11. Bd3 Bd6 12. Bxh7 Bxh2+ 13. Kxh2 Qh4+ 14. Kg1 Rxh7 15. f3 Qh1+ 16. Kf2 Qh4+ 17. Ke2 Nd4+ 18. Kd3 Nxc2 19. Kxc2 O-O-O 20. d3 Qd4 21. Rd1 Qf2+ 22. Rd2 Qd4 23. Nb5 Qa4+ 24. b3 Qxb5 25. Kb2 Qe5+ 26. Kb1 Qb5 27. d4 Qxb3+ 28. Rb2 Qd3+ 29. Rc2 Qxd4 30. Raa2 Rd6 31. Rd2 Qe5 32. Re2 Rb6+ 33. Rab2 Rxb2+ 34. Rxb2 Qxb2+ 35. Bxb2 Rh1+ 36. Kc2 Rh2 37. Bxg7 Rxg2+ 38. Kd3 Rxg7 39. Ke4 Kd7 40. f4 f5+ 41. Ke3 Kd6 42. Kd4 Rg4 43. Ke3 Rg3+ 44. Kd4 Rxa3 45. Kc4 Ra4+ 46. Kd3 Rxf4 47. Kc3 Re4 48. Kd3 Re5 49. Kd2 f4 50. Kd3 f3 51. Kd4 f2 52. Kd3 f1=Q+ 53. Kd2 Qf4+ 54. Kd3 Re3+ 55. Kd2 Qf2+ 56. Kc1 Re1# 0-1

[Event "4NCL Online Division 5"]
[Site "online"]
[Date "2022.02.22"]
[EventDate "2022.02.22"]
[Round "3.61"]
[White "Spargo, Philip J"]
[WhiteElo "1454"]
[WhiteTeam "Manaccan Maulers"]
[Black "Agius, Harvey"]
[BlackElo "1536"]
[BlackTeam "Catford Candidates"]
[Result "0-1"]
[PlyCount "104"]

1. e4 c6 2. d3 d5 3. exd5 cxd5 4. d4 Nf6 5. Nf3 Bg4 6. Be2 e6 7. c3 Nc6 8. O-O a6 9. Ne1 Bxe2 10. Qxe2 b5 11. a3 Bd6 12. Nf3 h6 13. Be3 O-O 14. Nbd2 Ng4 15. h3 Nxe3 16. Qxe3 Qc7 17. Rfe1 Rab8 18. b4 Rfc8 19. Nb3 a5 20. Nc5 Ra8 21. Qd3 Rcb8 22. Qe2 e5 23. dxe5 Bxc5 24. bxc5 Nd8 25. Qd3 Qxc5 26. Qd4 Qxd4 27. cxd4 b4 28. axb4 Rxb4 29. Reb1 Nc6 30. Rxb4 Nxb4 31. Ra4 Kf8 32. Kf1 Ke7 33. Ke2 Kd7 34. Nd2 Kc6 35. f4 Kb5 36. Ra3 g6 37. g4 Rc8 38. f5 g5 39. e6 fxe6 40. fxe6 Re8 41. Re3 Nc2 42. Re5 Rxe6 43. Rxe6 Nxd4+ 44. Kd3 Nxe6 45. Nf3 Kb4 46. Ne5 a4 47. Nc6+ Kb3 48. Na5+ Kb2 49. Nc6 a3 50. Nb4 a2 51. Nxa2 Kxa2 52. Ke3 Kb2 0-1

[Event "4NCL Online Division 5"]
[Site "online"]
[Date "2022.02.22"]
[EventDate "2022.02.22"]
[Round "3.62"]
[White "Barber, James R"]
[WhiteElo "1405"]
[WhiteTeam "Catford Candidates"]
[Black "James, John"]
[BlackElo "1248"]
[BlackTeam "Manaccan Maulers"]
[Result "1-0"]
[PlyCount "90"]

1. Nf3 d5 2. g3 Nc6 3. d3 Nf6 4. Bg2 e5 5. Nbd2 e4 6. dxe4 dxe4 7. Ng5 Bf5 8. c3 h6 9. Ngxe4 Nxe4 10. Nxe4 Qxd1+ 11. Kxd1 O-O-O+ 12. Ke1 Be7 13. a4 Rd7 14. Be3 Rhd8 15. Nc5 Bxc5 16. Bxc5 Kb8 17. Bxc6 bxc6 18. f3 Bc2 19. Kf2 Rd2 20. Be3 R2d7 21. b4 Re7 22. Rhc1 Bg6 23. c4 Kb7 24. Ra3 a6 25. g4 Rde8 26. h4 h5 27. gxh5 Bxh5 28. Rg1 Rg8 29. a5 f6 30. Raa1 Bf7 31. Rg4 Rge8 32. Rxg7 Rxe3 33. Rxf7 Rxe2+ 34. Kg3 R2e6 35. Rd1 Rg8+ 36. Kf2 Rc8 37. h5 Kb8 38. h6 Rd6 39. Rxd6 cxd6 40. h7 Rh8 41. Re7 f5 42. c5 d5 43. Ke3 Kc8 44. Rg7 Kd8 45. Rg8+ Rxg8 1-0

[Event "4NCL Online Division 5"]
[Site "online"]
[Date "2022.02.22"]
[EventDate "2022.02.22"]
[Round "3.63"]
[White "Brown, Hugh"]
[WhiteElo "1305"]
[WhiteTeam "Manaccan Maulers"]
[Black "Holley, Ruby"]
[BlackElo "1271"]
[BlackTeam "Catford Candidates"]
[Result "0-1"]
[PlyCount "152"]

1. Nf3 Nf6 2. g3 d5 3. d4 Bf5 4. Bg2 e6 5. O-O Nc6 6. Nc3 Bb4 7. Bd2 O-O 8. a3 Ba5 9. b4 Bb6 10. e3 Ne7 11. Na4 c6 12. Nc5 Rb8 13. a4 Bc7 14. a5 b6 15. Na6 Rc8 16. Nxc7 Qxc7 17. a6 c5 18. dxc5 bxc5 19. b5 Ng6 20. Ba5 Qb8 21. Rb1 c4 22. Nd4 Ne7 23. Nxf5 Nxf5 24. e4 Ne7 25. Bb4 Rfe8 26. Bxe7 Rxe7 27. Re1 Rc5 28. e5 Nd7 29. c3 Rxb5 30. Rb4 Rxb4 31. cxb4 Nxe5 32. Qd2 h6 33. Rb1 Qb5 34. Qe3 Nd3 35. Qd2 Qxa6 36. b5 Qb6 37. Bf1 Nc5 38. Qb4 a5 39. bxa6 Qxb4 40. Rxb4 Nxa6 41. Rb6 Nc5 42. f3 Rb7 43. Rc6 Nb3 44. Rc8+ Kh7 45. Ra8 Nd2 46. Be2 f5 47. Re8 Rb6 48. f4 c3 49. Rc8 Rb3 50. Bd1 Rb1 51. Rxc3 Rxd1+ 52. Kg2 Ne4 53. Rc6 Rd2+ 54. Kg1 Nf6 55. Rxe6 d4 56. Rd6 d3 57. Rd4 Ng4 58. h3 Rd1+ 59. Kg2 Ne3+ 60. Kf2 Nc2 61. Rd5 g5 62. fxg5 hxg5 63. Rxf5 Re1 64. Rd5 Nb4 65. Rd4 Rb1 66. Rd7+ Kg6 67. g4 Rb2+ 68. Ke1 Kf6 69. Rd8 Ke5 70. Rg8 Kf4 71. Rf8+ Kg3 72. Rg8 d2+ 73. Kd1 Nd3 74. Rxg5 Nf2+ 75. Ke2 d1=Q+ 76. Ke3 Qc1+ 0-1

[Event "4NCL Online Division 5"]
[Site "online"]
[Date "2022.02.22"]
[EventDate "2022.02.22"]
[Round "3.64"]
[White "Brass, Brian"]
[WhiteElo "1133"]
[WhiteTeam "Catford Candidates"]
[Black "Rundle, Anthony"]
[BlackElo "1200"]
[BlackTeam "Manaccan Maulers"]
[Result "0-1"]
[PlyCount "94"]

1. d4 Nf6 2. c4 e6 3. Nc3 Bb4 4. a3 Bxc3+ 5. bxc3 b6 6. Bg5 Bb7 7. f3 d5 8. cxd5 exd5 9. e3 O-O 10. Bd3 Nbd7 11. Ne2 h6 12. Bh4 Re8 13. Qd2 Qc8 14. c4 c5 15. cxd5 Nxd5 16. e4 N5f6 17. Rc1 Ba6 18. dxc5 bxc5 19. O-O Bxd3 20. Qxd3 Qc6 21. Nd4 Qd6 22. Bg3 Qxd4+ 23. Qxd4 cxd4 24. Rfd1 Rac8 25. Rb1 Rb8 26. Rbc1 Rbc8 27. Rb1 Rc4 28. Rb7 a5 29. Bf2 Ra4 30. Rb3 Rb8 31. Rbd3 Ne5 32. Rxd4 Rxa3 33. Bg3 Re8 34. f4 Neg4 35. e5 Nh5 36. Be1 g6 37. Rc1 Ng7 38. Rd7 Ne6 39. Rb1 Nxf4 40. Rbb7 Ra1 41. Kf1 Nxe5 42. Rdc7 Nfd3 43. Ke2 Rxe1+ 44. Kd2 Rf1 45. Ra7 Rf2+ 46. Ke3 Rxg2 47. Rxa5 Nc4+ 0-1

[Event "4NCL Online Division 5"]
[Site "online"]
[Date "2022.02.22"]
[EventDate "2022.02.22"]
[Round "3.71"]
[White "Evans, Joseph"]
[WhiteElo "1151"]
[WhiteTeam "Harrow Juniors 3"]
[Black "Le Fevre, Stephen D"]
[BlackElo "1388"]
[BlackTeam "Wessex Some Stars H"]
[Result "0-1"]
[PlyCount "56"]

1. c4 e5 2. g3 Nf6 3. Bg2 Nc6 4. e3 d5 5. cxd5 Nxd5 6. Ne2 Be7 7. Nbc3 Nxc3 8. Nxc3 O-O 9. O-O Bf6 10. Nd5 Be6 11. Nxf6+ Qxf6 12. f4 exf4 13. Rxf4 Qe7 14. b3 Rfd8 15. Bb2 f6 16. Rc1 Bd5 17. Bxd5+ Rxd5 18. e4 Rd3 19. Qe2 Rad8 20. Rc3 Rxd2 21. Qc4+ Kh8 22. Bc1 Rxa2 23. Qb5 Rd1+ 24. Rf1 Rxf1+ 25. Kxf1 Qxe4 26. Re3 Qg2+ 27. Ke1 Qf2+ 28. Kd1 Qc2+ 0-1

[Event "4NCL Online Division 5"]
[Site "online"]
[Date "2022.02.22"]
[EventDate "2022.02.22"]
[Round "3.72"]
[White "McCullagh, Tim"]
[WhiteElo "1363"]
[WhiteTeam "Wessex Some Stars H"]
[Black "Horwood, Alexander"]
[BlackElo "937"]
[BlackTeam "Harrow Juniors 3"]
[Result "1-0"]
[PlyCount "92"]

1. d4 e5 2. dxe5 Nc6 3. Nf3 Qe7 4. Nc3 Nxe5 5. Nd5 Nxf3+ 6. gxf3 Qd8 7. Bf4 d6 8. e4 Nf6 9. Bg5 h6 10. Bxf6 gxf6 11. Qd4 Be7 12. O-O-O Rg8 13. Nxe7 Qxe7 14. h4 Be6 15. Bc4 Bxc4 16. Qxc4 O-O-O 17. Rhg1 Qe6 18. Qd5 h5 19. Rg3 Rxg3 20. fxg3 Qh3 21. Qxf7 Qxg3 22. Qxf6 Qg8 23. Qf5+ Kb8 24. Qxh5 Qh8 25. Qxh8 Rxh8 26. Rh1 Rf8 27. h5 Rxf3 28. h6 Rf8 29. Kd2 Kc8 30. Ke3 Kd7 31. h7 Rh8 32. Kf4 Ke7 33. Kg5 Kf7 34. Kf5 Kg7 35. e5 dxe5 36. Kxe5 Rxh7 37. Rxh7+ Kxh7 38. c4 Kg7 39. b4 Kf7 40. Kd5 Ke7 41. c5 Kd7 42. a4 c6+ 43. Kd4 Kc7 44. a5 Kd8 45. Kc4 a6 46. Kd4 Ke8 1-0

[Event "4NCL Online Division 5"]
[Site "online"]
[Date "2022.02.22"]
[EventDate "2022.02.22"]
[Round "3.73"]
[White "Wang, Xiling"]
[WhiteElo "915"]
[WhiteTeam "Harrow Juniors 3"]
[Black "Spirling, Florence"]
[BlackElo "1109"]
[BlackTeam "Wessex Some Stars H"]
[Result "0-1"]
[PlyCount "160"]

1. e4 d5 2. f3 c6 3. d4 f5 4. Nc3 fxe4 5. fxe4 dxe4 6. Nxe4 Nf6 7. Bd3 Nxe4 8. Bxe4 Nd7 9. Bf4 Nf6 10. Qd3 g6 11. O-O-O Bg7 12. Be5 O-O 13. Nf3 Bd7 14. h3 Qb6 15. Bxf6 exf6 16. Qc3 f5 17. Ne5 Rad8 18. Nc4 Qc7 19. Bd3 Qf4+ 20. Rd2 Bxd4 21. Qb3 b5 22. Ne5+ Kg7 23. Nxd7 Rxd7 24. Qe6 Rd6 25. Qe7+ Rf7 26. Qe2 Be3 27. Rf1 Bxd2+ 28. Kd1 Qh6 29. Qxd2 Qxd2+ 30. Kxd2 Re7 31. g4 fxg4 32. hxg4 Rf6 33. Rg1 a6 34. g5 Rf2+ 35. Kd1 c5 36. c3 c4 37. Bc2 Ree2 38. Bb1 Rxb2 39. Kc1 Rbe2 40. Rd1 Re6 41. Rd7+ Rf7 42. Rd1 Rfe7 43. Kd2 Re2+ 44. Kc1 Re1 45. Rxe1 Rxe1+ 46. Kb2 Rg1 47. a4 Rxg5 48. axb5 axb5 49. Ka1 Rg1 50. Kb2 h5 51. Ka1 h4 52. Kb2 Rxb1+ 53. Kxb1 h3 54. Kc2 h2 55. Kb2 h1=Q 56. Ka3 Qa8+ 57. Kb4 Qa4+ 58. Kc5 Qa3+ 59. Kd4 b4 60. cxb4 Qxb4 61. Ke3 c3 62. Kd3 Qb2 63. Kc4 c2 64. Kd3 c1=N+ 65. Ke4 Qe2+ 66. Kd5 Nb3 67. Kd6 Qd3+ 68. Ke5 Qe3+ 69. Kd5 Qd4+ 70. Kc6 Na5+ 71. Kb5 Nc4 72. Kc6 Ne5+ 73. Kb5 Kf6 74. Ka5 Ke6 75. Kb5 Qc3 76. Kb6 Qc6+ 77. Ka5 Qb7 78. Ka4 Nd3 79. Ka3 Qb4+ 80. Ka2 Qb2# 0-1

[Event "4NCL Online Division 5"]
[Site "online"]
[Date "2022.02.22"]
[EventDate "2022.02.22"]
[Round "3.74"]
[White "Wright, George A"]
[WhiteElo "1108"]
[WhiteTeam "Wessex Some Stars H"]
[Black "Anderson, Ashley K"]
[BlackElo "1000"]
[BlackTeam "Harrow Juniors 3"]
[Result "1-0"]
[PlyCount "79"]

1. b3 d5 2. Bb2 Bf5 3. e3 e6 4. Nf3 Bd6 5. Bxg7 f6 6. Bxh8 Bg4 7. Be2 Bxf3 8. Bxf3 Be5 9. d4 Bd6 10. Bh5+ Kd7 11. Qd3 Ne7 12. Qxh7 Nc6 13. Bxf6 Qf8 14. Bxe7 Bxe7 15. O-O Rd8 16. Bg4 Qf6 17. Qh3 Nb4 18. Bxe6+ Qxe6 19. Qxe6+ Kxe6 20. Na3 Kd7 21. Rfe1 Kc8 22. e4 Kb8 23. h3 dxe4 24. Rxe4 Bd6 25. Rae1 Nd5 26. Re8 Kc8 27. Rxd8+ Kxd8 28. Nc4 Bb4 29. Re5 c6 30. h4 Bf8 31. Rf5 Bg7 32. Nd6 Bxd4 33. Nxb7+ Kc7 34. Rf7+ Kb6 35. Nd6 Nf6 36. Nc4+ Kb5 37. Rb7+ Ka6 38. Rf7 Ng4 39. Rf4 Bxf2+ 40. Rxf2 1-0

[Event "4NCL Online Division 5"]
[Site "online"]
[Date "2022.02.22"]
[EventDate "2022.02.22"]
[Round "3.81"]
[White "McKechnie, Joel"]
[WhiteElo "1303"]
[WhiteTeam "Watford Juniors B"]
[Black "Vijayakumar, Rishi"]
[BlackElo "1497"]
[BlackTeam "Dundee City E"]
[Result "0-1"]
[PlyCount "54"]

1. d4 Nf6 2. Bf4 e6 3. e3 c5 4. Nf3 Qb6 5. c3 Qxb2 6. Nbd2 d5 7. Qb3 Qxa1+ 8. Qb1 Qxb1+ 9. Nxb1 cxd4 10. cxd4 Bb4+ 11. Nbd2 Ne4 12. Bb5+ Bd7 13. Bxd7+ Nxd7 14. h3 Ndf6 15. O-O Nxd2 16. Nxd2 Bxd2 17. Rb1 b6 18. Rb2 Bc3 19. Rc2 Rc8 20. Be5 Nd7 21. Bxg7 Rg8 22. Bh6 Nf6 23. e4 Nxe4 24. f3 Bxd4+ 25. Kh2 Rxc2 26. fxe4 Rgxg2+ 27. Kh1 Rh2# 0-1